000 00624nas a2200217 4500
001 BR0810148
003 BR-BrBNA
005 20231205112913.0
007 ta
008 230509b bl.|||p| |||| 00| 00por d
040 _aBR-BrBNA
_bpor
_cBiblioteca Nacional de Agricultura
041 _a(Pt)
072 _aP10
100 1 _aSperling, E. von
245 1 _aEtimologia Aquática
650 _aÁGUA
650 _aETIMOLOGIA
773 0 _tRevista Brasileira de Recursos Hídricos (Brazil)
_xISSN 1414-381X
_g(Apr-Mar 2005), v. 10(2) p. 73-81
_wBR0810148
909 _a202311
_bLúcia
_c55
_dLúcia Elande
942 _2AGRIS
_n0
_cANA
999 _c200703
_d200703